ბათუმის შოთა რუსთაველის სახელმწიფო უნივერსიტეტის ბიბლიოთეკა

სოფლის მეურნეობა და გლეხთა მდგომარეობა აღმოსავლეთ თურქეთში მეორე მსოფლიო ომის შემდეგ = СЕЛЬСКОЕ ХОЗЯЙСТВО И ПОЛОЖЕНИЕ КРЕСТЬЯНСТВА ВОСТОЧНОЙ ТУРЦИИ ПОСЛЕ ВТОРОЙ МИРОВОЙ ВОЙНЫ / (ბიბ.ჩანაწერი № 63466)

000 -ლიდერი
ფიქსირებული სიგრძის საკონტროლო ველი 01503nam a22002177a 4500
003 - საკონტროლო ნომრის იდენტიფიკატორი
საკონტროლო ველი Ge_BSU
005 - ბოლო ოპერაციის თარიღი და დრო
საკონტროლო ველი 20251015153045.0
008 - ფიქსირებული სიგრძის მონაცემთა ელემენტები - ზოგადი ინფორმაცია
ფიქსირებული სიგრძის საკონტროლო ველი 251015s1965 ge ||||| |||| 00| 0 geo d
041 ## - ენის კოდი
Language code of text/sound track or separate title geo
080 ## - უნივერსალური ათობითი კლასიფიკაციის ინდექსი
Universal Decimal Classification number 63(560) კ-71
100 ## - მთავარი ჩანაწერი - პიროვნების სახელი
Personal name კომახიძე, ნ.
9 (RLIN) 24044
245 ## - ცნობა სათაურის შესახებ
Title სოფლის მეურნეობა და გლეხთა მდგომარეობა აღმოსავლეთ თურქეთში მეორე მსოფლიო ომის შემდეგ = СЕЛЬСКОЕ ХОЗЯЙСТВО И ПОЛОЖЕНИЕ КРЕСТЬЯНСТВА ВОСТОЧНОЙ ТУРЦИИ ПОСЛЕ ВТОРОЙ МИРОВОЙ ВОЙНЫ /
Statement of responsibility, etc ნ. კომახიძე; აღმოსავლეთმცოდნეობის ინ-ტი.
264 ## - წარმოების, გამოცემის, დისტრიბუციის და სხვა ცნობები
გამოცემის, წარმოების, დისტრიბუციის... ადგილი თბილისი :
გამოცემის, წარმოების, დისტრიბუციის... სახელწოდება მეცნიერება,
გამოცემის, წარმოების, დისტრიბუციის... თარიღი 1965.
300 ## - ფიზიკური აღწერა
Extent 166 გვ. :
Other physical details ილ. და ცხრილ. ;
Dimensions 22 სმ.
504 ## - BIBLIOGRAPHY, ETC. NOTE
Bibliography, etc ბიბლიოგრფია: გვ.158-165
653 ## - INDEX TERM--UNCONTROLLED
Uncontrolled term თურქეთის სოფლის მეურნეობა
653 ## - INDEX TERM--UNCONTROLLED
Uncontrolled term თურქი გლეხები.
653 ## - INDEX TERM--UNCONTROLLED
Uncontrolled term აგრარული საკითხი თურქეთში.
710 ## - ADDED ENTRY--CORPORATE NAME
Corporate name or jurisdiction name as entry element საქართველოს სსრ მეცნიერებათა აკადემია
Subordinate unit აღმოსავლეთმცოდნეობის ინსტიტუტი
9 (RLIN) 13139
942 ## - ADDED ENTRY ELEMENTS (KOHA)
Source of classification or shelving scheme
Koha item type წიგნი
ეგზემპლარები
ჩამოწერის სტატუსი დაკარგული ეგზემპლარის სტატუსი კლასიფიკაციის წყარო ან თაროზე გაწყობის სქემა დაზიანების სტატუსი არ გაიცემა მუდმივი მდებარეობა (დაცვის ადგილი) ამჟამინდელი ადგილსამყოფელი თაროზე განთავსების ადგილი შეძენის თარიღი ღირებულება, შესყიდვის ნორმალური ფასი სრული შენახვის შიფრი შტრიხკოდი ბოლო ოპერაციის თარიღი ეგზემპლარის მიმდევრობითი ნომერი (კეტერი?) ფასის ძალაში შესვლის თარიღი ეგზემპლარის სახეობა საჯარო შენიშვნა
          ბათუმის შოთა რუსთაველის სახელმწიფო უნივერსიტეტის მთავარი ბიბლიოთეკა ბათუმის შოთა რუსთაველის სახელმწიფო უნივერსიტეტის მთავარი ბიბლიოთეკა წიგნსაცავი 2025-10-15 1.68 63(560) კ-71 72685 2025-10-15 72685 2025-10-15 წიგნი 1 ლ. 68
          ბათუმის შოთა რუსთაველის სახელმწიფო უნივერსიტეტის მთავარი ბიბლიოთეკა ბათუმის შოთა რუსთაველის სახელმწიფო უნივერსიტეტის მთავარი ბიბლიოთეკა წიგნსაცავი 2025-10-15 1.68 63(560) კ-71 72686 2025-10-15 72686 2025-10-15 წიგნი 1 ლ. 68